000 00685cam a22001814a 4500
005 20250605164036.0
008 250528s ||||||||||||||||||||||||d
035 _a16831
040 _aGR-AtMCL
_bgre
_dGR-AtMCL
_eAACR2
245 1 _aΟ Αρχαίος Κόσμος / Παγκόσμιος Ιστορία Τέχνης
260 _bΧρυσός Τύπος,
_c1976
300 _a178
520 _aΕισαγωγή, Μεσοποταμία, Γειτονικαί Περιοχαί, Αίγυπτος, Η Εξάπλωση της Τέχνης της Αρχαίας Μέσης Ανατολής.
700 1 _aGarbini Giovanni
_92919
942 _cBK
999 _c2285
_d2285